Network Analysis & synthesis (Record no. 4722)

MARC details
000 -LEADER
fixed length control field 00401nam a22001697a 4500
005 - DATE AND TIME OF LATEST TRANSACTION
control field 20160629150042.0
008 - FIXED-LENGTH DATA ELEMENTS--GENERAL INFORMATION
fixed length control field 160629b xxu||||| |||| 00| 0 eng d
020 ## - INTERNATIONAL STANDARD BOOK NUMBER
ISBN 978-93-80027-67-8
041 ## - LANGUAGE CODE
Language code of text/sound track or separate title eng
082 ## - DEWEY DECIMAL CLASSIFICATION NUMBER
Item number 12511
100 ## - MAIN ENTRY--AUTHOR NAME
Personal name Soni, Dr. K M
245 ## - TITLE STATEMENT
Title Network Analysis & synthesis
260 ## - PUBLICATION, DISTRIBUTION, ETC. (IMPRINT)
Name of publisher Katson
Year of publication 2012
300 ## - PHYSICAL DESCRIPTION
Number of Pages 309
650 ## - SUBJECT ADDED ENTRY--TOPICAL TERM
Topical Term Diploma Engineering
942 ## - ADDED ENTRY ELEMENTS (KOHA)
Koha item type Books
Holdings
Lost status Damaged status Home library Current library Shelving location Date acquired Cost, normal purchase price Full call number Accession Number Koha item type Collection code
    JRU Library   WR- 2 A 29/06/2016 195.00 620.1 12511 Books  
    JRU Library   WR- 2 A 29/06/2016 195.00 620.1 12512 Books  
    JRU Library   WR- 2 A 29/06/2016 195.00 620.1 12513 Books  
    JRU Library   WR- 2 A 29/06/2016 195.00 620.1 12514 Books  
    JRU Library JRU Library SHELF-51-F 29/06/2016 195.00 621.3132 12515 Books CS/IT
    JRU Library   WR- 2 A 29/06/2016 195.00 620.1 12516 Books  
    JRU Library JRU Library SHELF-51-F 29/06/2016 195.00 621.3132 12517 Books CS/IT
    JRU Library JRU Library SHELF-51-F 29/06/2016 195.00 621.3132 12518 Books CS/IT
    JRU Library   WR- 2 A 29/06/2016 195.00 620.1 12519 Books  
    JRU Library JRU Library SHELF-51-F 29/06/2016 195.00 621.3132 12520 Books CS/IT
    JRU Library   WR- 2 A 29/06/2016 195.00 620.1 12521 Books  
    JRU Library   WR- 2 A 29/06/2016 195.00 620.1 12522 Books  
    JRU Library   WR- 2 A 29/06/2016 195.00 620.1 12523 Books  
    JRU Library   WR- 2 A 29/06/2016 195.00 620.1 12524 Books